[Event "HUN-chT2 Erkel 1819"]
[Site "Hungary"]
[Date "2019.02.10"]
[Round "5.1"]
[White "Sugar, Karoly"]
[Black "Vereb, Gabor"]
[Result "1/2-1/2"]
[WhiteElo "2207"]
[BlackElo "2204"]
[PlyCount "49"]
[EventDate "2018.10.28"]
[EventType "team-tourn"]
[EventRounds "9"]
[EventCountry "HUN"]
[SourceTitle "EXT 2021"]
[Source "ChessBase"]
[SourceDate "2020.10.23"]
[SourceVersion "1"]
[SourceVersionDate "2020.10.23"]
[SourceQuality "1"]
[WhiteTeam "Pestszentlorinc"]
[BlackTeam "Szada GSBE"]
[WhiteTeamCountry "HUN"]
[BlackTeamCountry "HUN"]

1. d4 Nf6 2. c4 g6 3. g3 Bg7 4. Bg2 0-0 5. Nf3 c6 6. 0-0 d5 7. cxd5 cxd5 8. Ne5 Nc6 9. Nxc6 bxc6 10. Nc3 Rb8 11. Na4 Bf5 12. b3 Nd7 13. Be3 Qa5 14. Rc1 Rbc8 15. Qe1 Qa6 16. Qd2 Rfe8 17. Rfe1 e5 18. dxe5 Bxe5 19. Nc5 Nxc5 20. Bxc5 Bg7 21. e3 Be4 22. Bf1 Qb7 23. Bd4 Bf8 24. Bc5 Bg7 25. Bd4 1/2-1/2

[Event "HUN-chT2 Erkel 1718"]
[Site "Hungary"]
[Date "2018.02.18"]
[Round "8.1"]
[White "Juracsik, Jozsef"]
[Black "Sugar, Karoly"]
[Result "1/2-1/2"]
[WhiteElo "2102"]
[BlackElo "2205"]
[PlyCount "23"]
[EventDate "2017.09.24"]
[EventType "team-tourn"]
[EventRounds "11"]
[EventCountry "HUN"]
[SourceTitle "EXT 2021"]
[Source "ChessBase"]
[SourceDate "2020.10.23"]
[SourceVersion "1"]
[SourceVersionDate "2020.10.23"]
[SourceQuality "1"]
[WhiteTeam "Andornaktalya"]
[BlackTeam "Pestszentlorinc"]
[WhiteTeamCountry "HUN"]
[BlackTeamCountry "HUN"]

1. Nf3 c5 2. e4 Nc6 3. Bb5 g6 4. c3 Bg7 5. 0-0 Nf6 6. e5 Nd5 7. d4 cxd4 8. cxd4 0-0 9. Nc3 Nxc3 10. bxc3 d6 11. exd6 Qxd6 12. a4 1/2-1/2

[Event "HUN-chT2 Erkel 1718"]
[Site "Hungary"]
[Date "2017.10.29"]
[Round "3.1"]
[White "Sugar, Karoly"]
[Black "Blasko, Istvan"]
[Result "1/2-1/2"]
[WhiteElo "2205"]
[BlackElo "2337"]
[PlyCount "28"]
[EventDate "2017.09.24"]
[EventType "team-tourn"]
[EventRounds "11"]
[EventCountry "HUN"]
[SourceTitle "EXT 2021"]
[Source "ChessBase"]
[SourceDate "2020.10.23"]
[SourceVersion "1"]
[SourceVersionDate "2020.10.23"]
[SourceQuality "1"]
[WhiteTeam "Pestszentlorinc"]
[BlackTeam "Jaszbereny"]
[WhiteTeamCountry "HUN"]
[BlackTeamCountry "HUN"]

1. d4 Nf6 2. c4 g6 3. f3 c5 4. d5 b5 5. cxb5 a6 6. e4 d6 7. Nc3 Bg7 8. a4 0-0 9. Bg5 Qa5 10. Ra3 e6 11. dxe6 Bxe6 12. Qd2 Nbd7 13. Nh3 Ne5 14. Nf2 Nc4 1/2-1/2

[Event "HUN-chT2 Erkel 1718"]
[Site "Hungary"]
[Date "2017.10.08"]
[Round "2.1"]
[White "Baratosi, Daniel"]
[Black "Sugar, Karoly"]
[Result "1/2-1/2"]
[WhiteElo "2376"]
[BlackElo "2205"]
[PlyCount "153"]
[EventDate "2017.09.24"]
[EventType "team-tourn"]
[EventRounds "11"]
[EventCountry "HUN"]
[SourceTitle "EXT 2021"]
[Source "ChessBase"]
[SourceDate "2020.10.23"]
[SourceVersion "1"]
[SourceVersionDate "2020.10.23"]
[SourceQuality "1"]
[WhiteTeam "Szigetszentmiklos"]
[BlackTeam "Pestszentlorinc"]
[WhiteTeamCountry "HUN"]
[BlackTeamCountry "HUN"]

1. e4 c5 2. Nf3 Nc6 3. Nc3 d6 4. d4 cxd4 5. Nxd4 Nf6 6. Bc4 e6 7. Be3 a6 8. Qe2 Qc7 9. Bb3 Na5 10. f4 Bd7 11. f5 Nxb3 12. axb3 Be7 13. g4 h6 14. Rg1 e5 15. Nf3 Bc6 16. Nd2 b5 17. b4 d5 18. exd5 Nxd5 19. Nxd5 Bxd5 20. c3 Bh4+ 21. Kd1 f6 22. Kc2 Qc6 23. Bc5 Kf7 24. b3 Qb7 25. c4 Bc6 26. Kb2 Rhd8 27. cxb5 axb5 28. Rxa8 Qxa8 29. Ra1 Qc8 30. Nf3 Bg5 31. Ra7+ Rd7 32. Nxg5+ hxg5 33. Rxd7+ Qxd7 34. Kc3 Qd5 35. Qe3 Qf3 36. Kd2 Qxg4 37. Qd3 Qg2+ 38. Kc3 Qf3 39. Qxf3 Bxf3 40. Kd3 Bd1 41. Bf2 Bxb3 42. h4 gxh4 43. Bxh4 Ba2 44. Kc2 Bc4 45. Kd2 Bf1 46. Ke3 Ke7 47. Bf2 Bc4 48. Ke4 Ba2 49. Bc5+ Kf7 50. Kf3 Bb1 51. Kg4 g6 52. fxg6+ Kxg6 53. Bd6 Be4 54. Kg3 Kf5 55. Bc7 Ke6 56. Kg4 Bc6 57. Bb8 f5+ 58. Kg5 f4 59. Ba7 Bd7 60. Bb8 Kd5 61. Kf6 f3 62. Ba7 Kc4 63. Kxe5 Kxb4 64. Ke4 Bc6+ 65. Kd3 Kb3 66. Bd4 b4 67. Bc5 Bb5+ 68. Kd2 Kc4 69. Bf8 b3 70. Bg7 Bc6 71. Ke3 Kb4 72. Bb2 Kc4 73. Kd2 Kd5 74. Ke3 Ke6 75. Bd4 Kf5 76. Bb2 Kg4 77. Be5 1/2-1/2

[Event "HUN-chT2 Erkel 1617"]
[Site "Hungary"]
[Date "2016.10.09"]
[Round "2.1"]
[White "Brustkern, Juergen"]
[Black "Sugar, Karoly"]
[Result "1/2-1/2"]
[WhiteElo "2238"]
[BlackElo "2176"]
[PlyCount "47"]
[EventDate "2016.09.25"]
[EventType "team-tourn"]
[EventRounds "11"]
[EventCountry "HUN"]
[SourceTitle "EXT 2021"]
[Source "ChessBase"]
[SourceDate "2020.10.23"]
[SourceVersion "1"]
[SourceVersionDate "2020.10.23"]
[SourceQuality "1"]
[WhiteTeam "Budapest MAFC"]
[BlackTeam "Pestszentlorinc"]
[WhiteTeamCountry "HUN"]
[BlackTeamCountry "HUN"]

1. c4 Nf6 2. Nc3 g6 3. e4 d6 4. d4 Bg7 5. f4 0-0 6. Nf3 c5 7. d5 e6 8. dxe6 fxe6 9. Bd3 Nc6 10. 0-0 Nd4 11. Ng5 e5 12. f5 h6 13. Nh3 gxf5 14. exf5 Qe8 15. Nf2 Bxf5 16. Bxf5 Nxf5 17. Nfe4 Nxe4 18. Nxe4 Qg6 19. Qd5+ Rf7 20. Bd2 Raf8 21. Rae1 Kh8 22. g3 Nd4 23. Rxf7 Qxf7 24. Qxf7 1/2-1/2

[Event "HUN-chT2 Erkel 1617"]
[Site "Hungary"]
[Date "2016.09.25"]
[Round "1.1"]
[White "Sugar, Karoly"]
[Black "Nogrady, Vilmos"]
[Result "1/2-1/2"]
[WhiteElo "2176"]
[BlackElo "2153"]
[PlyCount "93"]
[EventDate "2016.09.25"]
[EventType "team-tourn"]
[EventRounds "11"]
[EventCountry "HUN"]
[SourceTitle "EXT 2021"]
[Source "ChessBase"]
[SourceDate "2020.10.23"]
[SourceVersion "1"]
[SourceVersionDate "2020.10.23"]
[SourceQuality "1"]
[WhiteTeam "Pestszentlorinc"]
[BlackTeam "Fot"]
[WhiteTeamCountry "HUN"]
[BlackTeamCountry "HUN"]

1. c4 Nf6 2. Nc3 d5 3. cxd5 Nxd5 4. g3 g6 5. Bg2 Nxc3 6. bxc3 Bg7 7. Rb1 0-0 8. Rxb7 Bxb7 9. Bxb7 Nd7 10. Bxa8 Qxa8 11. Nf3 Ne5 12. 0-0 Nxf3+ 13. exf3 Qd5 14. a4 Rb8 15. Qe2 e6 16. d4 Qb3 17. Bf4 Qxa4 18. Bxc7 Rc8 19. Qb2 Qc6 20. Ba5 Qd5 21. Ra1 e5 22. dxe5 Bxe5 23. f4 Bf6 24. Bb4 Qc4 25. Rxa7 Bxc3 26. Qxc3 Qxc3 27. Bxc3 Rxc3 28. f5 gxf5 29. Ra5 f4 30. Rg5+ Kf8 31. gxf4 Rf3 32. Rg4 f5 33. Rh4 Kg7 34. Kg2 Ra3 35. Rh3 Ra4 36. Rf3 Kf6 37. Kg3 Ra1 38. Rb3 Rg1+ 39. Kf3 Rh1 40. Rb6+ Kg7 41. Kg2 Ra1 42. h4 Ra4 43. Kg3 Ra3+ 44. f3 h5 45. Rb7+ Kg6 46. Rb8 Kg7 47. Rb7+ 1/2-1/2

[Event "HUN-chT2 Breyer 1415"]
[Site "Hungary"]
[Date "2015.03.22"]
[Round "?"]
[White "Seres, Bela"]
[Black "Sugar, Karoly"]
[Result "0-1"]
[WhiteElo "2240"]
[BlackElo "2142"]
[PlyCount "86"]
[EventDate "2014.09.07"]
[EventType "team-tourn"]
[EventRounds "11"]
[EventCountry "HUN"]
[SourceTitle "EXT 2016"]
[Source "ChessBase"]
[SourceDate "2015.10.08"]
[SourceVersion "1"]
[SourceVersionDate "2015.10.08"]
[SourceQuality "1"]
[WhiteTeam "Hobagoly"]
[BlackTeam "Pestszentlorinc"]
[WhiteTeamCountry "HUN"]
[BlackTeamCountry "HUN"]

1. c4 c5 2. Nc3 Nc6 3. g3 g6 4. Bg2 Bg7 5. e3 e5 6. Nge2 Nge7 7. a3 a5 8. 0-0 0-0 9. Nb5 d6 10. d4 exd4 11. exd4 Bg4 12. f3 Bc8 13. Bf4 Nxd4 14. Nexd4 cxd4 15. Bxd6 Bd7 16. Nxd4 Ba4 17. Bxe7 Bxd1 18. Bxd8 Bxd4+ 19. Kh1 Be2 20. Rfe1 Bxc4 21. Rac1 b5 22. Be7 Rfe8 23. f4 Ra7 24. Bd6 Rxe1+ 25. Rxe1 Bxb2 26. Re8+ Kg7 27. Bc6 Ra6 28. Bf8+ Kf6 29. Bd7 h5 30. Rb8 b4 31. axb4 Bd5+ 32. Kg1 Bd4+ 33. Kf1 axb4 34. Bxb4 Ra2 35. h4 Rf2+ 36. Ke1 Rb2 37. Bd6 Bf2+ 38. Kf1 Rxb8 39. Kxf2 Rb3 40. f5 Be4 41. fxg6 Rd3 42. Be7+ Kxe7 43. g7 Rf3+ 0-1

[Event "HUN-chT2 Breyer 1415"]
[Site "Hungary"]
[Date "2015.01.25"]
[Round "?"]
[White "Sugar, Karoly"]
[Black "Gaspar, David"]
[Result "1-0"]
[WhiteElo "2142"]
[BlackElo "1845"]
[PlyCount "33"]
[EventDate "2014.09.07"]
[EventType "team-tourn"]
[EventRounds "11"]
[EventCountry "HUN"]
[SourceTitle "EXT 2016"]
[Source "ChessBase"]
[SourceDate "2015.10.08"]
[SourceVersion "1"]
[SourceVersionDate "2015.10.08"]
[SourceQuality "1"]
[WhiteTeam "Pestszentlorinc"]
[BlackTeam "Turul"]
[WhiteTeamCountry "HUN"]
[BlackTeamCountry "HUN"]

1. d4 g6 2. c4 Bg7 3. Nc3 Nf6 4. e4 d6 5. Be2 0-0 6. Nf3 e5 7. 0-0 Nc6 8. Be3 Qe8 9. dxe5 Nxe5 10. Nxe5 dxe5 11. Bc5 Be6 12. Bxf8 Qxf8 13. Qb3 b6 14. Qb5 c5 15. Rad1 Ne8 16. b3 f5 17. Qc6 1-0

[Event "HUN-chT2 Erkel 1314"]
[Site "Hungary"]
[Date "2013.11.03"]
[Round "4.4"]
[White "Tichy Racs, Balint"]
[Black "Sugar, Karoly"]
[Result "0-1"]
[WhiteElo "2079"]
[BlackElo "2118"]
[PlyCount "74"]
[EventDate "2013.09.08"]
[EventType "team-tourn"]
[EventRounds "11"]
[EventCountry "HUN"]
[SourceTitle "EXT 2016"]
[Source "ChessBase"]
[SourceDate "2015.10.08"]
[SourceVersion "1"]
[SourceVersionDate "2015.10.08"]
[SourceQuality "1"]
[WhiteTeam "Vizugy"]
[BlackTeam "Pestszentlorinc"]
[WhiteTeamCountry "HUN"]
[BlackTeamCountry "HUN"]

1. e4 e5 2. Nc3 Nf6 3. f4 d5 4. fxe5 Nxe4 5. Nf3 Be7 6. Be2 0-0 7. 0-0 f6 8. d4 c5 9. Kh1 Nc6 10. Bf4 cxd4 11. exf6 Bxf6 12. Nb5 a6 13. Nc7 Ra7 14. c4 dxc3 15. Qb3 b5 16. Rad1 Na5 17. Qxd5+ Qxd5 18. Nxd5 cxb2 19. Nxf6+ Nxf6 20. Be5 Be6 21. Bxb2 Bxa2 22. Ra1 Bc4 23. Rxa5 Bxe2 24. Rfa1 b4 25. Nd4 Bc4 26. Rc5 Bd3 27. Nc6 Rb7 28. h3 Ne4 29. Rd5 Ng3+ 30. Kh2 Be4 31. Rg5 Nf1+ 32. Rxf1 Rxf1 33. Nd8 Rd7 34. Ne6 g6 35. Rc5 Bb7 36. Rg5 a5 37. Nc5 Rd5 0-1

[Event "HUN-chT2 Erkel 1314"]
[Site "Hungary"]
[Date "2013.09.08"]
[Round "1.4"]
[White "Sugar, Karoly"]
[Black "Sillye, Kalman"]
[Result "1-0"]
[WhiteElo "2118"]
[BlackElo "2081"]
[PlyCount "117"]
[EventDate "2013.09.08"]
[EventType "team-tourn"]
[EventRounds "11"]
[EventCountry "HUN"]
[SourceTitle "EXT 2016"]
[Source "ChessBase"]
[SourceDate "2015.10.08"]
[SourceVersion "1"]
[SourceVersionDate "2015.10.08"]
[SourceQuality "1"]
[WhiteTeam "Pestszentlorinc"]
[BlackTeam "Szada GSBE"]
[WhiteTeamCountry "HUN"]
[BlackTeamCountry "HUN"]

1. d4 Nf6 2. c4 e5 3. dxe5 Ng4 4. Nf3 Bc5 5. e3 Nc6 6. Nc3 0-0 7. a3 a5 8. Be2 Re8 9. 0-0 Ngxe5 10. Nxe5 Nxe5 11. f4 Ng6 12. Qd3 Ra6 13. Nd1 Qe7 14. Kh1 Rf6 15. Nc3 c6 16. e4 Rd6 17. Qc2 Nf8 18. f5 Bd4 19. Bf4 Be5 20. Bxe5 Qxe5 21. Bf3 Rh6 22. h3 d6 23. Qd2 Rd8 24. b4 axb4 25. axb4 Nd7 26. Ra5 Qe8 27. Qf4 Ne5 28. Be2 f6 29. Rd1 g6 30. Qxh6 Qf7 31. Rxe5 fxe5 32. fxg6 hxg6 33. Rf1 Qg7 34. Qg5 Re8 35. Bg4 Bxg4 36. Qxg4 Re7 37. Qc8+ Kh7 38. Qf8 Qxf8 39. Rxf8 Kg7 40. Rd8 Kf6 41. Rxd6+ Kg5 42. Kh2 Kf4 43. Rd3 Re8 44. g3+ Kg5 45. h4+ Kg4 46. Nd1 Ra8 47. Nf2+ Kh5 48. Rd7 g5 49. g4+ Kh6 50. Rd6+ Kg7 51. h5 Ra2 52. Rg6+ Kh7 53. Kg2 Rb2 54. Rxg5 Rxb4 55. Rxe5 Rxc4 56. Re7+ Kh6 57. Rxb7 Rc2 58. Kg3 c5 59. Kh4 1-0

[Event "HUN-chT2 Erkel 1213"]
[Site "Hungary"]
[Date "2013.04.07"]
[Round "10.3"]
[White "Gombocz, Zsolt"]
[Black "Sugar, Karoly"]
[Result "1/2-1/2"]
[WhiteElo "2072"]
[BlackElo "2127"]
[PlyCount "77"]
[EventDate "2012.09.16"]
[EventType "team-tourn"]
[EventRounds "11"]
[EventCountry "HUN"]
[SourceTitle "EXT 2014"]
[Source "ChessBase"]
[SourceDate "2013.11.20"]
[SourceVersion "1"]
[SourceVersionDate "2013.11.20"]
[SourceQuality "1"]
[WhiteTeam "Barcza"]
[BlackTeam "Pestszentlorinc"]
[WhiteTeamCountry "HUN"]
[BlackTeamCountry "HUN"]

1. d4 Nf6 2. c4 g6 3. Nc3 Bg7 4. Nf3 c5 5. e3 0-0 6. Be2 cxd4 7. exd4 d5 8. Qb3 dxc4 9. Qxc4 Be6 10. Qb5 Qd7 11. Be3 a6 12. Qxd7 Nbxd7 13. h3 Rac8 14. 0-0 Nd5 15. Nxd5 Bxd5 16. b3 Rc2 17. Rfe1 e6 18. Kf1 Nb8 19. Red1 Rd8 20. Ne1 Rcc8 21. Bf3 Nc6 22. Rac1 Bf8 23. Bxd5 Rxd5 24. Nf3 f6 25. Ke2 Ba3 26. Rc4 b5 27. Rc2 Rdd8 28. Bc1 Bf8 29. a3 Ne7 30. Ne1 Nd5 31. Kd3 Kf7 32. g3 g5 33. Bb2 b4 34. a4 Rxc2 35. Kxc2 Rc8+ 36. Kd3 h5 37. Rc1 Rxc1 38. Bxc1 Kg6 39. Ng2 1/2-1/2

[Event "HUN-chT2 Erkel 1213"]
[Site "Hungary"]
[Date "2013.02.17"]
[Round "7.3"]
[White "Sugar, Karoly"]
[Black "Bednay, Bence"]
[Result "1/2-1/2"]
[WhiteElo "2127"]
[BlackElo "2186"]
[PlyCount "24"]
[EventDate "2012.09.16"]
[EventType "team-tourn"]
[EventRounds "11"]
[EventCountry "HUN"]
[SourceTitle "EXT 2014"]
[Source "ChessBase"]
[SourceDate "2013.11.20"]
[SourceVersion "1"]
[SourceVersionDate "2013.11.20"]
[SourceQuality "1"]
[WhiteTeam "Pestszentlorinc"]
[BlackTeam "BEAC II"]
[WhiteTeamCountry "HUN"]
[BlackTeamCountry "HUN"]

1. d4 Nf6 2. c4 e6 3. Nc3 c5 4. d5 exd5 5. cxd5 d6 6. e4 g6 7. Nf3 Bg7 8. Bd3 0-0 9. h3 a6 10. 0-0 b5 11. a3 c4 12. Bc2 Nbd7 1/2-1/2

[Event "HUN-chT2 Erkel 1213"]
[Site "Hungary"]
[Date "2013.01.27"]
[Round "6.3"]
[White "Ritter, Gabor"]
[Black "Sugar, Karoly"]
[Result "1/2-1/2"]
[WhiteElo "2111"]
[BlackElo "2127"]
[PlyCount "28"]
[EventDate "2012.09.16"]
[EventType "team-tourn"]
[EventRounds "11"]
[EventCountry "HUN"]
[SourceTitle "EXT 2014"]
[Source "ChessBase"]
[SourceDate "2013.11.20"]
[SourceVersion "1"]
[SourceVersionDate "2013.11.20"]
[SourceQuality "1"]
[WhiteTeam "Vizugy"]
[BlackTeam "Pestszentlorinc"]
[WhiteTeamCountry "HUN"]
[BlackTeamCountry "HUN"]

1. d4 Nf6 2. c4 g6 3. Nc3 Bg7 4. Nf3 0-0 5. g3 d6 6. Bg2 Nbd7 7. 0-0 e5 8. b3 exd4 9. Nxd4 Re8 10. Bb2 Nc5 11. Qc2 a5 12. Rad1 c6 13. h3 Qb6 14. Bc1 Nfd7 1/2-1/2

[Event "HUN-chT2 Erkel 1011"]
[Site "Hungary"]
[Date "2011.04.17"]
[Round "9.2"]
[White "Sugar, Karoly"]
[Black "Lenart, Janos"]
[Result "1-0"]
[WhiteElo "2132"]
[BlackElo "2103"]
[PlyCount "91"]
[EventDate "2010.09.12"]
[EventType "team-tourn"]
[EventRounds "11"]
[EventCountry "HUN"]
[SourceTitle "EXT 2012"]
[Source "ChessBase"]
[SourceDate "2011.11.24"]
[SourceVersion "1"]
[SourceVersionDate "2011.11.24"]
[SourceQuality "1"]
[WhiteTeam "Pestszentlorinc"]
[BlackTeam "Toth Laszlo"]
[WhiteTeamCountry "HUN"]
[BlackTeamCountry "HUN"]

1. d4 d5 2. c4 e6 3. Nc3 Nf6 4. cxd5 exd5 5. Bg5 Be7 6. e3 0-0 7. Qc2 c6 8. Bd3 Nbd7 9. Nf3 Re8 10. h3 Nf8 11. Bf4 Bd6 12. Bxd6 Qxd6 13. 0-0-0 Be6 14. Kb1 Rec8 15. g4 c5 16. dxc5 Qxc5 17. Nd4 a6 18. g5 Ne8 19. f4 b5 20. f5 Bd7 21. Qg2 Nc7 22. Rc1 Qd6 23. Qh2 Qb6 24. Nce2 b4 25. Nf4 Qd6 26. Ng6 Nb5 27. Qxd6 Rxc1+ 28. Rxc1 Nxd6 29. Ne7+ Kh8 30. Nxd5 a5 31. Nc7 Rc8 32. e4 Kg8 33. e5 Ne8 34. Nxe8 Rxc1+ 35. Kxc1 Bxe8 36. Kd2 h6 37. gxh6 gxh6 38. Ke3 Nd7 39. Bb5 Kf8 40. Bxd7 Bxd7 41. e6 fxe6 42. fxe6 Be8 43. Kf4 a4 44. Ke5 Bg6 45. Kf6 a3 46. bxa3 1-0

[Event "HUN-chT2 Erkel 1011"]
[Site "Hungary"]
[Date "2011.03.27"]
[Round "7.2"]
[White "Sugar, Karoly"]
[Black "Kormos, Andras"]
[Result "1-0"]
[WhiteElo "2132"]
[BlackElo "2217"]
[PlyCount "83"]
[EventDate "2010.09.12"]
[EventType "team-tourn"]
[EventRounds "11"]
[EventCountry "HUN"]
[SourceTitle "EXT 2012"]
[Source "ChessBase"]
[SourceDate "2011.11.24"]
[SourceVersion "1"]
[SourceVersionDate "2011.11.24"]
[SourceQuality "1"]
[WhiteTeam "Pestszentlorinc"]
[BlackTeam "Barcza"]
[WhiteTeamCountry "HUN"]
[BlackTeamCountry "HUN"]

1. d4 g6 2. c4 Bg7 3. Nc3 d6 4. e4 Nc6 5. d5 Nd4 6. Be3 c5 7. Nge2 Qb6 8. Nxd4 cxd4 9. Na4 Qa5+ 10. Bd2 Qd8 11. c5 Nf6 12. Bb5+ Kf8 13. Bd3 b5 14. cxb6 axb6 15. f3 Ba6 16. Bxa6 Rxa6 17. b3 Nd7 18. Nb2 e6 19. dxe6 fxe6 20. 0-0 b5 21. a4 bxa4 22. Rxa4 Rxa4 23. bxa4 Nc5 24. Nc4 d5 25. exd5 Qxd5 26. Nb6 Qc6 27. a5 Nd7 28. Qc1 Qb7 29. Bb4+ Kf7 30. Qf4+ Bf6 31. Qe4 Qc7 32. Re1 Re8 33. Nd5 Qc4 34. Nxf6 Nxf6 35. Qb7+ Kg8 36. a6 Qd5 37. Rc1 d3 38. Bd2 Qd4+ 39. Kh1 Qf2 40. Bh6 Nh5 41. Qd7 Rf8 42. Qxe6+ 1-0

[Event "HUN-chT2 Erkel 0910"]
[Site "Hungary"]
[Date "2010.04.18"]
[Round "10.2"]
[White "Fodor, Istvan"]
[Black "Sugar, Karoly"]
[Result "1-0"]
[WhiteElo "2312"]
[BlackElo "2145"]
[PlyCount "97"]
[EventDate "2009.11.08"]
[EventType "team-tourn"]
[EventRounds "11"]
[EventCountry "HUN"]
[SourceTitle "EXT 2011"]
[Source "ChessBase"]
[SourceDate "2010.11.26"]
[SourceVersion "1"]
[SourceVersionDate "2010.11.26"]
[SourceQuality "1"]
[WhiteTeam "Husi"]
[BlackTeam "Pestszentlorinc"]
[WhiteTeamCountry "HUN"]
[BlackTeamCountry "HUN"]

1. d4 Nf6 2. c4 e6 3. Nf3 Bb4+ 4. Bd2 c5 5. Bxb4 cxb4 6. g3 0-0 7. Bg2 Re8 8. 0-0 d6 9. Qd3 Nc6 10. Rd1 Qe7 11. e4 e5 12. d5 Nb8 13. a3 bxa3 14. Rxa3 Na6 15. Nbd2 Bg4 16. Rda1 Nc5 17. Qb1 a6 18. b4 Ncd7 19. Ne1 Rac8 20. Qd3 Nb8 21. Qe3 h6 22. Nd3 Nh7 23. c5 Bd7 24. Nc4 dxc5 25. bxc5 Rf8 26. Ncxe5 Bb5 27. Qd4 Qf6 28. d6 Ng5 29. Qd5 b6 30. c6 Rfd8 31. c7 Rxd6 32. cxb8Q Rxb8 33. Qa2 Rbd8 34. h4 Bxd3 35. Rxd3 Rxd3 36. Nxd3 Nf3+ 37. Bxf3 Qxf3 38. Ne5 Qf6 39. Ng4 Qf3 40. Nh2 Rd1+ 41. Rxd1 Qxd1+ 42. Kg2 a5 43. Nf3 a4 44. Ne5 Qb3 45. Qxb3 axb3 46. Nd3 Kf8 47. Kf3 Ke7 48. Ke3 Kd6 49. Kd4 1-0